000
00310 a2200157 4500
001
185633
020
_a
040
_c
Magnum
100
_a
Bandeira, Manuel
240
1
0
_a
Gonçalves Dias
_l
por
245
1
0
_a
Gonçalves Dias
300
_a
362
0
_a
1960
697
_a
LITERATURA GERAL
942
_c
BK
999
_c
185633
_d
185633